000 00523nam a2200193 a 4500
001 1769174371609
003 YourLibrary
005 20260127164446.0
008 260123s1992##################000#0#eng##
020 _a9781852783600
082 0 4 _a333.7
_bOAT
100 1 _aOates, Wallace E.,
_eauthor.
245 1 0 _aThe Economics of the Environment :
260 _bEdward Elgar Publishing,
_c1992.
300 _a662 pages
650 0 _aBusiness & Economics.
942 _cENGLISH
040 _aYourLibrary
_beng
_cYourLibrary
999 _c609136
_d609136